000 00922nam a2200265 u 4500
005 20241116063716.0
008 190123s2010 es r 000 0 spa d
020 _a9788475846590
035 _aUPN01000228561
049 _aCG
050 4 _aLC1031
_bR6.2
100 1 _aRodríguez Moreno, María Luisa,
_d1941-
_929612
245 1 0 _aDesarrollo de competencias :
_bteoría y práctica : balance, proyecto profesional y aprendizaje basado en el trabajo /
_cMaría Luisa Rodríguez Moreno, Paolo Serreri, Angelo del Cimmuto.
260 _aBarcelona, Esp. :
_bLaertes,
_c2010.
300 _a208 p.
440 0 _aEducación
650 4 _aEducación basada en competencias
_913564
650 2 _aCompetencia profesional
_95288
650 4 _aProductividad laboral
_910358
700 1 _aSerreri, Paolo,
_ecoaut.
700 1 _aCimmuto, Angelo del,
_ecoaut.
905 _aLibro
999 _c200656
_d200656